The Holy Spirit or power from on high : (Record no. 4588)
[ view plain ]
| 000 -LEADER | |
|---|---|
| fixed length control field | 00936cam a2200241Ma 4500 |
| 001 - CONTROL NUMBER | |
| control field | 222446586 |
| 003 - CONTROL NUMBER IDENTIFIER | |
| control field | OCoLC |
| 005 - DATE AND TIME OF LATEST TRANSACTION | |
| control field | 20190802114559.0 |
| 008 - FIXED-LENGTH DATA ELEMENTS--GENERAL INFORMATION | |
| fixed length control field | 930304q18951896pau u000 0 eng d |
| 035 ## - SYSTEM CONTROL NUMBER | |
| System control number | (OCoLC)222446586 |
| 040 ## - CATALOGING SOURCE | |
| Original cataloging agency | AU@ |
| Language of cataloging | eng |
| Transcribing agency | AU@ |
| Modifying agency | OCLCQ |
| -- | CIRBC |
| 082 04 - DEWEY DECIMAL CLASSIFICATION NUMBER | |
| Classification number | 231.3 |
| Edition number | 20 |
| Item number | S613H |
| 092 ## - LOCALLY ASSIGNED DEWEY CALL NUMBER (OCLC) | |
| Classification number | 231.3 |
| Item number | S6131 |
| 100 1# - MAIN ENTRY--PERSONAL NAME | |
| Personal name | Simpson, A. B. |
| Fuller form of name | (Albert B.) |
| 245 14 - TITLE STATEMENT | |
| Title | The Holy Spirit or power from on high : |
| Remainder of title | an unfolding of the doctrine of the Holy Spirit in the Old and New Testaments / |
| Statement of responsibility, etc. | by A.B. Simpson. |
| 250 ## - EDITION STATEMENT | |
| Edition statement | New ed. / |
| Remainder of edition statement | with foreword by Walter M. Turnbull. |
| 260 ## - PUBLICATION, DISTRIBUTION, ETC. | |
| Place of publication, distribution, etc. | Harrisburg, Pa. : |
| Name of publisher, distributor, etc. | Christian Publications, |
| Date of publication, distribution, etc. | [1895?-1896] |
| 300 ## - PHYSICAL DESCRIPTION | |
| Extent | 2 v. (293 p.) ; vol.1 |
| Dimensions | 20 cm. |
| 505 0# - FORMATTED CONTENTS NOTE | |
| Formatted contents note | pt. 1. The Old Testament -- pt. 2. The New Testament. |
| 650 #0 - SUBJECT ADDED ENTRY--TOPICAL TERM | |
| Topical term or geographic name entry element | Holy Spirit |
| General subdivision | Biblical teaching. |
| 856 ## - ELECTRONIC LOCATION AND ACCESS | |
| Uniform Resource Identifier | <a href="http://192.168.0.25:8001/#book_id=3&library_id=Calibre_Library&panel=book_details">http://192.168.0.25:8001/#book_id=3&library_id=Calibre_Library&panel=book_details</a> |
| 942 ## - ADDED ENTRY ELEMENTS (KOHA) | |
| Source of classification or shelving scheme | Dewey Decimal Classification |
| Koha item type | Books |
No items available.
